000 00722nam a22001817a 4500
999 _c18065
_d18065
003 AR-CdUCM
008 190511b ||||| |||| 00| 0 spa d
040 _aMUNICIPALIDAD PROVINCIAL DEL CUSCO
_cBIBLIOTECA MUNICIPAL DEL CUSCO
082 _a502 /
_bM27
100 _aMasson, Louis T.
_938430
245 _aManual básico y elemental de conocimientos científicos generales //
260 _aNew York :
_bPress service inc,
_c1970.
300 _a341 páginas ;
_c19 cm.
505 _aContenido : Nuestro mundo de la ciencia -- El medio ambiente -- Materia y energía -- El aire, su presión y comportamiento -- El agua ...
650 _aConocimiento científico.
_915331
942 _2ddc
_cLIBROS
945 _arum
_d2019-05-11